000 00686nam a22002177a 4500
999 _c13947
_d13947
003 AR-CdUCM
008 190416b ||||| |||| 00| 0 spa d
020 _a978-958-45-0848-5
040 _aMUNICIPALIDAD PROVINCIAL DEL CUSCO
_cBIBLIOTECA MUNICIPAL DEL CUSCO
082 _aEP / 803 /
_bM83
100 _aMorris, Kimberly
_932582
245 _aEl secreto de la reina Clarion /
260 _aColombia :
_bGrupo editorial Norma,
_c2008.
300 _c21 cm.
_a93 páginas ;
440 _aDisney adas.
_932583
505 _aContenido :El secreto de la reina Clarion. ...
650 _aCuentos
_9217
650 _aHistorietas
_910786
942 _2ddc
_cLIBROS
945 _arum
_d2019-04-16